000 00785nam a2200253Ia 4500
003 OSt
005 20221005035119.0
006 a|||||r|||| 00| 0
007 ta
008 221004b |||||||| |||| 00| 0 eng d
020 _c200
024 _a4023
037 _b8558, 25/03/2013, Bookwell Publications
_cTextual
040 _aCRL
_cCRL
_beng
041 _2eng
_aeng
082 _aDelta73wF72, Q1
100 _aAnjum Ghulam Yahyia
_9587971
245 0 _aLife and teaching of Khwaja Qutub ud Din Bakhtiyar Kaki
260 _aDelhi
_bIdarah i adabiyat i Delli India
_c2011
300 _a119p.
_ccm.
650 _aSPIRITUALISM
942 _hDelta73wF72, Q1
_cTEXL
_2cc
999 _c944597
_d944597